Регионална библиотека "Любен Каравелов" - Русе

В плен на златната богиня - Испания 82 (Запис номер 122715)

MARC детайли
000 -Лидер
Контролно поле с фиксирана дължина 01600nam a2200337 a 4500
003 - Код на организацията, давaща контролен номер
Контролно поле BLK
005 - Дата и час на последна редакция
Контролно поле 20240430132927.0
008 - Елементи от данни с фиксирана дължина
fixed length control field 180409b bul|||||r ||||||| ||bul||
010 ## - Наследен системен номер
LC control number KNG00128361000
040 ## - Източник на каталожния запис
Идентификатор на билиотеката - собственик на записа BLK
041 ## - Код за език
Код за езика на текст/звукозапис или на отделно заглавие Български
Код за езика КДБФ Български
080 ## - УДК
Текстов определител УДК Българска литература
УДК код - определител по УДК 821.163.2
УДК определител -992
УДК - код + определител 821.163.2-992
100 1# - Редна дума - Автор
Автор Антонов-Тонич, Антон
Авторска отговорност първи автор
Автор - информация (биография) Антонов, Антон Константинов
R(LIN) 265826
139 ## - Редно поле
Редна дума Антонов-Тонич, Антон
Авторски знак Анто - А 75
245 10 - Сведения за заглавието
Заглавие В плен на златната богиня - Испания 82
Подзаглавни данни Пътеписи
Редно поле (дума) Антон Антонов-Тонич; * Антон Константинов Антонов.
250 ## - Област на изданието
Сведения за изданието 2. доп. изд.
257 ## - Страна на издаване
Страна на създаване/издаване България
260 ## - Област на издателските данни
Място на издаване, разпространение и проч. София
Име на издателя, разпространителя и проч. Медицина и физкултура
Година на издаване 1983
Печатница Пловдив : Д. Благоев
300 ## - Физическа характеристика
Страници 320 с.
Размери/Мащаб 22 см
380 ## - Жанр
Жанр Худож. лит.
500 ## - Общи забележки
Забележка Пълното име на авт. Антон Константинов Антонов. - 1. изд. 1973. - 15 100 тир. - Впечатления от световните първенства по футбол.
650 #7 - Допълнително описание по предмет – тема
9 (RLIN) 176248
Основно описание – тема или топоним Футбол
653 #7 - Ключова дума – ненормативна
9 (RLIN) 198800
Ключова дума турнири
700 1# - Други автори (авторска отговорност)
Лично име Антонов, Антон Константинов
Автороска отговорност (Описва отношението между автора и произведението) *
9 (RLIN) 376977
852 ## - Местоположение
Форматна сигнатура Цб 120196
Фондова буква Хранилище
856 4# - Електронен адрес и достъп
Електронен формат pdf - файл
856 4# - Електронен адрес и достъп
Електронен формат pdf - файл
999 ## - СИСТЕМНИ КОНТРОЛНИ НОМЕРА
Koha biblionumber 122715
Koha biblioitemnumber 122715
942 ## - АРТИКУЛИ
Вид на библиотечния материал Книги
Скрит в OPAC Не
Периодичен библиозапис Да
Koha issues (borrowed), all copies 1
944 ## - СЪЗДАВАНЕ И РЕДАКЦИЯ на ЗАПИСА
Създаване/Редакция Създаване
Дата на регистрацията/редакция 06.03.2012
Статус, дата на статуса Христина Везирева
Служител, извършил регистрацията/редакцията 30535
944 ## - СЪЗДАВАНЕ И РЕДАКЦИЯ на ЗАПИСА
Създаване/Редакция Редакция
Дата на регистрацията/редакция 06.03.2012
Статус, дата на статуса 06.03.2012 - от С1,Р / 06.03.2012
Наличности
Код за отписване Код за изгубен артикул Източник на класификационната схема Код за повреда Коз за рестрикции Код за отдаване Артикулен № Име на библиотеката - собственик Име на библиотеката, в която се намира в момента Статус (Текущо местоположение) Дата на вписване в системата Местоположение - отдел Цена в лева Инвентарен номер Систематично азбучна сигнатура Баркод Номер на екземпляра Цена в евро Служебна бележка Служебен тип на артикула
  Не е изгубен Universal Decimal Classification Не е повреден само за читалня ползва се в читалня 198552 Регионална библиотека "Любен Каравелов" Русе Регионална библиотека "Любен Каравелов" Русе Хранилище 1983-01-01 Хранилище 2.25 372047 Цб 120196 900000010981 1 1.15 N: стар фонд Дата: 01.01.1983 Книги
Изтеглен Не е изгубен Universal Decimal Classification Не е повреден без рестрикции заемане за дома 198553 Регионална библиотека "Любен Каравелов" Русе Регионална библиотека "Любен Каравелов" Русе Заемна - подръчен фонд 1983-01-01 Заемна - подръчен фонд 2.25 373269 П 886.7-9/А 75 373269 2 1.15 N: стар фонд Дата: 01.01.1983 Книги
Изтеглен Не е изгубен Universal Decimal Classification Не е повреден без рестрикции заемане за дома 198554 Регионална библиотека "Любен Каравелов" Русе Регионална библиотека "Любен Каравелов" Русе Заемна - подръчен фонд 1983-01-01 Заемна - подръчен фонд 2.25 373270 П 886.7-9/А 75 373270 3 1.15 N: стар фонд Дата: 01.01.1983 Дата инв: 14.02.2018 Бележки инв: П2018 Книги
Изтеглен Не е изгубен Universal Decimal Classification Не е повреден без рестрикции заемане за дома 198555 Регионална библиотека "Любен Каравелов" Русе Регионална библиотека "Любен Каравелов" Русе Заемна - подръчен фонд 1983-01-01 Заемна - подръчен фонд 2.72 373272 П 886.7-9/А 75 373272 4 1.39 N: стар фонд Дата: 01.01.1983 Книги
Vip Innovations Ltd, Rousse, Bulgaria 2025